Quizzes
Events
Quiz Creation
Community
Videos
Private Events
Remove Ads
Sign In
Join for FREE
Feedback
Dark Mode
Quiz Categories
Sports
Geography
Music
Movies
Television
Just For Fun
Miscellaneous
History
Literature
Language
Science
Gaming
Entertainment
Religion
Holiday
For Kids
Quiz Lab
Recent
Popular Today
Quiz Kudos Today
Editor Picks
Curator Picks
Quizzes by...
Day
Popularity
Type
Ratings
Length
Year
Community
Subscriptions
Recent Discussions
Orange Saloon
Badges
Playlists
Quests
Create
Leaderboards
Showdown
Live 5
Trivia Bingo
Activity
Puzzle Library
Sporcle Events
Private Events
Virtual Trivia
Globe League
Become a Host
Pub Owners
SporcleCon
Opinionation
Our Games
Videos
Blog
Mobile Apps
Partnerships
Remove Ads and Go Orange
Feedback
Movies
Disney
Marvel Cinematic Universe
Movie Resume
Movie Titles
Oscar
Actor
Actress
Director
Pixar
Role
Movie Quotes
Movie Characters
Box Office
Nominee
Best Picture
Star Wars
James Bond
Horror Movies
Movies
Disney
Marvel Cinematic Universe
Movie Resume
Movie Titles
Oscar
Actor
Actress
Director
Pixar
Role
Movie Quotes
Movie Characters
Box Office
Nominee
Best Picture
Star Wars
James Bond
Horror Movies
Random Quiz
Search Sporcle
×
Quiz Lab
Quiz Lab
Movies
boondock
Type in answers that appear in a list
Type in answers that appear in a list
Classic
Best Score? Go Orange.
The Boondock Saints All Saints Day Stats
Can you name the following?
By
Clint74
5m
17 Questions
230 Plays
230 Plays
230 Plays
Comments
Comments
Give Quiz Kudos
Give Quiz Kudos
-
- Ratings
hide this ad
Replay
Link that replays current quiz
Next Quiz
Link to next quiz in quiz playlist
You Got
0%
They Got
Avg Score
61%
Avg Friend Score
Upgrade to see
Score Distribution
Jump to the score distribution portion of the page
Score
0/17
Timer
05:00
0
Plays Today
hint
answer
% Correct
Is Smecker dead?
No
95.2%
When was the movie made?
2009
88.3%
Where do the MacManus brothers live in the beginning of the movie?
Ireland
83.9%
Who plays Murphy MacManus?
Norman Reedus
76.5%
'Will you please get over here and'
****
73.9%
'Me up the '
Ass
73.5%
Mexican underground fighter name?
Romeo
67%
What does Veritas mean?
Truth
67%
Who plays Conner MacManus?
Sean Patrick Flanery
63.9%
hint
answer
% Correct
What does Aequitas mean?
Justice
60.9%
What is special agent blooms first name?
Eunice
57%
What is the MacManus brothers fathers name?
IL Duce
53.9%
What does 'Erin go Braugh'?
You're ****
50%
of what relation to the brothers is Father Sibeal?
Uncle
48.3%
What is the name of the prison the saints are held at?
Hoag
38.7%
What song is played when the brothers receive their new guns?
Balls Deep
25.7%
How is the assassin killed by IL duce?
Roulette
15.2%
Quiz Playlist
Details
Report
Send in Message
Add To Playlist
Classic:
Type in answers that appear in a list
Last Updated: Feb 16, 2017
Quiz Scoreboard
CHALLENGE
Sign Up to Join the Scoreboard
Show All
Scores
Hide
Comments
May contain spoilers
Recently Published
Decade Duel: World Leaders
by jenniferyan
History
4m
Alphabetical 'K' Countries by Flag Minefield
by ylime102
Geography
3m
Pick 6: Fruits
by JohnFran
Miscellaneous
15s
More to Explore
Quiz From the Vault
Featured Blog Post
15 Basketball Trivia Facts You Can Be March Mad About
hide this ad
You Might Also Like...
Tags
boondock
saint
Today's Top Quizzes in Movies
Browse Movies
hide this ad
Top Contributed Quizzes in Movies
1
Pick 6: Harry Potter
2
Pick 6: Movie Franchises
3
Pick 6: Actors
4
Pick 6: Actresses
5
Pick 6: Disney Princesses
6
Movies of the Seasons
7
Match The President To The Fictional Crisis
8
Decade Duel: Best Picture Winner
9
Decade Duel: Disney Animated Movies
10
Seasonal Films
Explore More
Trending Topics
Disney
Anime
Crossword
NBA
Harry Potter
Marvel
Kpop
Soccer
Pokémon
Puzzle
NFL
Country
WWE
The Office
Song
hide this ad
More By:
Clint74
Quiz
Plays
Rating
Category
Featured
Created
The Boondock Saints All Saints Day
230
1.00
Movies
Apr 16, 2010
1-200
58
1.33
Just For Fun
Feb 12, 2010
Go to Creator's Profile
Score Distribution
Quiz Creator Spotlight
Clint74
Follow
Send a Message
Quizzes Created
-
Created Quiz Play Count
-
More By This Creator
Popular Quizzes Today
1
Countries of Asia Without Outlines Minefield
2
Find the US States - No Outlines Minefield
3
Pick 6: Fruits
4
The Countries of the World
5
Alphabetical 'K' Countries by Flag Minefield
6
Find the Countries of Europe - No Outlines Minefield
7
US States
8
Find the US States
More Movies Quizzes
Heart, Mind, Body & Soul Movie Titles
Published
Trending Quizzes
Pick 6: Mountains
Pick 6: Harry Potter
Pick 6: Flags
Pick 6: NFL Teams
Pick 6: Movie Franchises
Recently Updated
Adaptations: Name the Title
pecheneg
NWSL Teams
pecheneg
Women's Final Four Teams by Year
bhenderson79
Presidents Quartet II
eogle
Anything But Clue(do)
eogle
Anything But Oceanian Capitals
eogle
Anything But 7
eogle
Anything But Thing
eogle
Word Ladder: February 29
pecheneg
Song Title Questions
pecheneg
Trending Topics
Disney
Anime
Crossword
NBA
Kpop
Harry Potter
Marvel
Song
Soccer
Pokémon
NFL
Puzzle
The Office
WWE
Country
Your Account Isn't Verified!
In order to create a playlist on Sporcle, you need to verify the email address you used during registration. Go to your
Sporcle Settings
to finish the process.
Report this User
Report this user for behavior that violates our
Community Guidelines
.
Details:
Send Report
Go to the Sporcle.com Mobile Site →
Comments